Word Ladder: Big Bang Theory Quiz Stats

Quiz not verified by Sporcle

Challenge
Share
Tweet
Embed
Score 0/17 Timer 01:30
0 Plays Today
Clue 5-Letter Rung % Correct
'Indian' spice that may be in a powder formCURRY
87.3%
Kansas song: _____ on Wayward SonCARRY
85.3%
One of the Three StoogesCURLY
83.9%
First name of Sheldon's co-worker with a speech impediment- BARRY -
82.8%
Rings of hairCURLS
79.6%
_____ of the TitansCLASH
75.5%
Organization: Peace _____CORPS
74.6%
Alongside Miss Muffet's wheyCURDS
73.5%
Sheldon and his friends all wanted to go to Penny's costume party dressed as this comic book character- FLASH -
72.3%
Clue 5-Letter Rung % Correct
Vocal and bungee, e.g.CORDS
70.5%
Chicken abodesCOOPS
63.3%
Window pane materialGLASS
61.2%
Harvested productsCROPS
60.1%
Socially-stratified group divisionCLASS
54%
One of the most invasive plants in North AmericaGRASS
50.6%
Twelve dozenGROSS
46.7%
Angry; vexedCROSS
45.1%

You're not logged in!

Compare scores with friends on all Sporcle quizzes.
Sign Up with Email
OR
Log In

You Might Also Like...

Show Comments

Extras

Top Quizzes Today


Score Distribution

Your Account Isn't Verified!

In order to create a playlist on Sporcle, you need to verify the email address you used during registration. Go to your Sporcle Settings to finish the process.